Would You Fall In Love With Me Again - EPIC The Musical - Statistiques

Statistiques générales
  • Ce quiz a été pris 216 fois
  • Le résultat moyen est 338 sur 363
Statistiques - réponses
Hint Réponse % Correct
a
100%
A
100%
again
100%
I
100%
Penelope Is
100%
is
100%
it
100%
love?
100%
love
100%
my
100%
you?
100%
you
100%
You
100%
bed?
99%
bed
99%
do?
99%
do
99%
Do
99%
fall
99%
in
99%
me
99%
me?
99%
no
99%
not
99%
Odysseus Penelope
99%
really
99%
same?
99%
same
99%
the
99%
The
99%
with
99%
Would
99%
would
99%
all
98%
am
98%
and
98%
been
98%
been?
98%
Have
98%
have
98%
Odysseus How
98%
how
98%
husband
98%
kind
98%
knew
98%
on
98%
over?
98%
over
98%
that
98%
Penelope What
98%
what
98%
your
98%
If
96%
if
96%
man
96%
or
96%
this?
96%
we
96%
could
95%
Could
95%
more?
95%
more
95%
of
95%
once
95%
say
95%
things
95%
waiting
95%
wedding
95%
as
94%
for
94%
I've
94%
know
94%
to
94%
where
94%
blood
93%
dreaming
93%
fell
93%
tell
93%
tree
93%
done?
91%
every
91%
eyes
91%
first
91%
look
91%
only
91%
Penelope Only
91%
See
91%
so
91%
when
91%
answered?
90%
before
90%
don't
90%
favor?
90%
met
90%
tired
90%
can
89%
did
89%
from
89%
gentle
89%
island
89%
long
89%
you're
89%
different,
88%
its
88%
it's
88%
will
88%
you've
88%
adored
86%
labor
86%
matter
86%
prayers
86%
sweat
86%
bring
85%
has
85%
moment
85%
olive
85%
way
85%
back
84%
care
84%
here
84%
some
84%
standing
84%
asked
83%
built
83%
Just
83%
Odysseus Left
83%
peace
83%
smile
83%
symbol
83%
there
83%
true,
83%
Odysseus Twenty
83%
years
81%
cut
80%
friends
80%
mine
80%
our
80%
person
80%
roots
80%
away
79%
move
79%
shoulders
79%
that's
79%
always
78%
far
78%
hands
78%
makes
78%
realize
78%
but
77%
can't
77%
frame
77%
take
77%
torn
77%
cannot
75%
carry
75%
guess
75%
lighter
75%
like
75%
use
75%
change
74%
count
74%
kinds
74%
undo
74%
trail
73%
had
72%
high
70%
objects
70%
was
70%
red
69%
Lift
67%
traded
67%
everlasting
65%
into
65%
lives
65%
him
63%
hurt
63%
carved
60%
oh
52%
Aucun quiz correspondant
Distribution des résultats
% des personnes avec chaque résultat
Percentile par nombre de réponses
Votre historique - résultats
Vous n’avez pas pris ce quiz